| 000 | 00727nam a2200241 a 4500 | ||
|---|---|---|---|
| 003 | AR-BaBNM | ||
| 005 | 20251128210936.0 | ||
| 008 | 082120s2002 ||||||||||||||000 | spa|| | ||
| 020 | _a959-13-0462-5 | ||
| 040 | _cAR-BaBNM | ||
| 100 | 1 | _aLabarrere Sarduy, Alberto F. | |
| 245 | 0 | 0 | _aPensamiento, análisis y autorregulación de la actividad cognoscitiva de los alumnos |
| 260 |
_aLa Habana _bPueblo y Educación _c1996 |
||
| 300 |
_a101 p. _bgráfs., il. |
||
| 500 | _aContiene referencias bibliográficas | ||
| 650 | 4 | _aPROCESO COGNOSCITIVO | |
| 650 | 4 | _aAUTOAPRENDIZAJE | |
| 650 | 4 | _aPROCESO DEL PENSAMIENTO | |
| 650 | 4 | _aPSICOLOGIA DE LA EDUCACION | |
| 653 | _aMETACOGNICION | ||
| 942 | _cBK | ||
| 998 | _cRAQUEL | ||
| 999 |
_c17562 _d17562 |
||